Tourette syndrome quiz - Statistics

General Stats
  • This quiz has been taken 46 times
  • The average score is 7 of 8
Answer Stats
Hint Answer % Correct
Is swearing part of tourette? no
93%
Are tics typical? yes
90%
How many ways are there to cure tourette? 0
88%
What are called the sudden moves or sounds a touretican can make? tics
88%
How many percent of people have tourette? 3
83%
What is the most common thing that increases the amount of tics? stress
73%
Where on the body happen the most of motoric tics? face
71%
How many percent of people have another disorder wih tourette? (Like adhd, asperger, ocd, etc.) 80
66%
No matching quizzes found
Score Distribution
Percent of People with Each Score
Percentile by Number Answered
Your Score History
You have not taken this quiz